MDQL
is popping MORE tags! Check the
thread
!
Quizzes
Events
Quiz Creation
Community
Videos
Private Events
Remove Ads
Sign In
Join for FREE
Feedback
Dark Mode
Quiz Categories
Sports
Geography
Music
Movies
Television
Just For Fun
Miscellaneous
History
Literature
Language
Science
Gaming
Entertainment
Religion
Holiday
For Kids
Quiz Lab
Recent
Popular Today
Quiz Kudos Today
Editor Picks
Curator Picks
Quizzes by...
Day
Popularity
Type
Ratings
Length
Year
Community
Subscriptions
Recent Discussions
Orange Saloon
Badges
Playlists
Quests
Create
Leaderboards
Showdown
Live 5
Trivia Bingo
Activity
Puzzle Library
Sporcle Events
Private Events
Virtual Trivia
Globe League
Become a Host
Pub Owners
SporcleCon
Opinionation
Our Games
Videos
Blog
Mobile Apps
Partnerships
Remove Ads and Go Orange
Feedback
Music
Pop Music
The Beatles
Song
Album
Lyrics
Bands
Singers
Artist
Clip
Rock
Rap
Classical
Billboard
Country Music
Kpop
Taylor Swift
Music
Pop Music
The Beatles
Song
Album
Lyrics
Bands
Singers
Artist
Clip
Rock
Rap
Classical
Billboard
Country Music
Kpop
Taylor Swift
Random Quiz
Search Sporcle
×
Quiz Lab
Quiz Lab
Music
Rap
Type in answers that appear in a list
Type in answers that appear in a list
Classic
Best Score? Go Orange.
Rap albums by covers Stats
Can you name the Rap albums by covers?
By
Krzysztofek
15m
50 Questions
414 Plays
414 Plays
414 Plays
Comments
Comments
Give Quiz Kudos
Give Quiz Kudos
-
- Ratings
hide this ad
More Info
Replay
Link that replays current quiz
Next Quiz
Link to next quiz in quiz playlist
You Got
0%
They Got
Avg Score
31%
Avg Friend Score
Upgrade to see
Score Distribution
Jump to the score distribution portion of the page
Score
0/50
Timer
15:00
0
Plays Today
Number
Album
% Correct
4
All Eyez On Me
76.6%
49
Illmatic
74.9%
5
Slim Shady
70.6%
35
The Blueprint
69.6%
37
Ready To Die
68.6%
26
Straight Outta Compton
67.9%
34
Graduation
67.6%
16
Reasonable Doubt
63%
2
Paid In Full
60.8%
41
God's Son
51.8%
8
Liquid Swords
51.6%
13
Aquemini
48.7%
32
The Documentary
48.2%
23
The Infamous
46%
17
Black On Both Sides
45.7%
11
The Score
44%
28
Midnight Marauders
41.4%
10
Madvillainy
38.4%
36
Things Fall Apart
36.7%
3
Donuts
36.3%
15
Iron Flag
31.6%
39
Tical
30.9%
1
Criminal Minded
29.9%
29
Resurrection
26.3%
50
Doe Or Die
22.6%
Number
Album
% Correct
6
Long Live The Kane
22.4%
44
The Diary
22.4%
43
Moment Of Truth
21.7%
48
Finding Forever
20.9%
45
Bacdafucup
19.5%
9
Step In The Arena
17.5%
7
Internal Affairs
16.3%
20
The War Report
15.6%
38
Enta Da Stage
14.6%
21
Dogg Food
14.4%
46
Dare Iz A Darkside
14.4%
47
Eardrum
14.4%
42
Kings Of Crunk
14.1%
18
Quality Control
13.1%
40
A Long Hot Summer
11.9%
30
6 Feet Deep
11.2%
31
Stakes Is High
10.5%
25
Dah Shinin
9.7%
22
Jewelz
7.5%
27
Wrath Of The Math
7.1%
14
Dead Serious
6.8%
24
Livin' Proof
6.8%
33
Soul Survivor
6.3%
12
The Platform
6.1%
19
Road To The Richies
0.7%
Quiz Playlist
Details
Report
Send in Message
Add To Playlist
More Info:
Only the names of albums are needed. Look into my contributed games to find another rap quizzes.
Classic:
Type in answers that appear in a list
Last Updated: Feb 16, 2017
Quiz Scoreboard
CHALLENGE
Sign Up to Join the Scoreboard
Show All
Scores
Hide
Comments
May contain spoilers
Recently Published
1-10 Letter E Words III
by El_Dandy
Language
2m
Street Fighter Characters
by Artimus82
Gaming
60s
College Basketball Coaching Resumes
by pancakes188
Sports
9m
More to Explore
Quiz From the Vault
Featured Blog Post
Where Did the Easter Bunny Come From?
hide this ad
You Might Also Like...
Tags
Rap Quiz
Cover
Hip-Hop
Rap Albums
Today's Top Quizzes in Music
Browse Music
hide this ad
Today's Top Quizzes in Rap
Browse Rap
Top Contributed Quizzes in Music
1
Taylor Swift All Songs (2024)
2
Taylor Swift Logic Puzzle
3
Guess the Artist- 70s Songs
4
7-to-1: Billboard Hot 100 #1 Hits of 2010s
5
Sorting Albums and Songs
6
KPOP LOGIC QUIZ
7
Billboard Blitz: Aretha Franklin
8
Guess the Taylor Swift song (Mystery Song)
9
Guess The Taylor Swift Lyrics Song #1
10
Billboard Blitz: ABBA
Explore More
Trending Topics
Kpop
Marvel
Crossword
Harry Potter
Disney
Anime
NBA
Pokémon
Soccer
The Office
NFL
Country
Song
Puzzle
WWE
hide this ad
More By:
Krzysztofek
Quiz
Plays
Rating
Category
Featured
Created
Ligue 1 players with at least 15 goals in one season
3,818
4.43
Sports
Jun 10, 2011
Ligue 1 Teams of the Year
2,129
5.00
Sports
Aug 13, 2011
Lech Poznan Starting XI's
895
Sports
Jun 23, 2014
Dragon Ball characters by picture I (easy)
576
2.25
Television
Jul 31, 2011
PFA Premier League Team of the Year part 2 (2002-2011)
555
4.83
Sports
Aug 14, 2011
Go to Creator's Profile
Score Distribution
Quiz Creator Spotlight
Krzysztofek
Follow
Send a Message
Quizzes Created
-
Created Quiz Play Count
-
More By This Creator
Popular Quizzes Today
1
Find the US States - No Outlines Minefield
2
Find the Countries of Europe - No Outlines Minefield
3
The Countries of the World
4
Find the US States
5
Risky Map Clicking: Biggest States A-Z
6
US States
7
Popular People in 1961
8
Movies - When Are They Set?
More Music Quizzes
5 Answers to 1: Classical Music
Published
Trending Quizzes
Risky Map Clicking: Least Populous States A-Z
1-10 Letter G Words
USA Borders Longest to Shortest
1-10 Letter F Words
Countries of the World: 200 Million BC
Recently Updated
Leaping Animals
pecheneg
Reality TV Shows (A-Z)
bhenderson79
Rickey Henderson's Hall of Fame Teammates
pecheneg
Champions League XIs: Arsenal
pecheneg
Quick Pick: Celebrities in WWE's Hall of Fame
aduchscher
A-Z Keypad Blitz II
pecheneg
Multiple Oscar Actors
pecheneg
Mystery Phrase Blitz: Oscar 'Best Actors'
pecheneg
F. Scott Fitzgerald Novels
LTH
Pick 3 Villains
ddd62291
Trending Topics
Harry Potter
Disney
Marvel
NBA
Anime
Kpop
Crossword
Puzzle
NFL
Song
Pokémon
The Office
Country
Soccer
WWE
Your Account Isn't Verified!
In order to create a playlist on Sporcle, you need to verify the email address you used during registration. Go to your
Sporcle Settings
to finish the process.
Report this User
Report this user for behavior that violates our
Community Guidelines
.
Details:
Send Report
Go to the Sporcle.com Mobile Site →
Comments